00234nam a2200085Ia 4500082001500000100007300015245001400088260003700102300000900139 a324.54 SEM aSeminar on the Electoral System in India (1985 : Jan 18-20 : Karnal) 0aPapersb: aKarnalbDyal Singh Collegecn.d. av.p.